|
|
|
|
| LEADER |
01633nam a2200337 a 4500 |
| 001 |
GR-Patra24339 |
| 008 |
020408s2003 gr e b 000 0 gre d |
| 020 |
|
|
|a 9601209174
|
| 044 |
|
|
|b gr
|
| 082 |
|
0 |
|a 616.7
|2 21
|
| 100 |
1 |
|
|a Παπαβασιλείου, Βασίλειος
|
| 245 |
1 |
0 |
|a Ορθοπαιδική :
|b συγγενείς ανωμαλίες, παθήσεις και κακώσεις του μυοσκελετικού συστήματος /
|c Βασίλειος Παπαβασιλείου.
|
| 250 |
|
|
|a 2η έκδ.
|
| 260 |
|
|
|a Θεσσαλονίκη :
|b University Studio Press,
|c 2003
|
| 300 |
|
|
|a 570 σ. :
|b εικ.
|
| 500 |
|
|
|a Παράρτημα Αιγίου. Τμήμα Φυσικοθεραπείας.
|
| 504 |
|
|
|a Περιλαμβάνει βιβλιογραφία.
|
| 610 |
2 |
4 |
|a Παράρτημα Αιγίου. Τμήμα Φυσικοθεραπείας
|
| 650 |
|
0 |
|a MUSCULOSKELETAL SYSTEM
|x ABNORMALITIES
|
| 650 |
|
0 |
|a Musculoskeletal system
|x Diseases
|
| 650 |
|
0 |
|a MUSCULOSKELETAL SYSTEM
|x WOUNDS AND INJURIES
|
| 650 |
|
0 |
|a Orthopedics
|
| 650 |
|
4 |
|a ΚΑΤΑΓΜΑΤΑ
|
| 650 |
|
4 |
|a ΜΥΟΣΚΕΛΕΤΙΚΟ ΣΥΣΤΗΜΑ
|x ΑΣΘΕΝΕΙΕΣ
|
| 650 |
|
4 |
|a ΜΥΟΣΚΕΛΕΤΙΚΟ ΣΥΣΤΗΜΑ
|x ΤΡΑΥΜΑΤΑ ΚΑΙ ΚΑΚΩΣΕΙΣ
|
| 650 |
|
4 |
|a ΟΡΘΟΠΕΔΙΚΗ
|
| 710 |
0 |
|
|a University Studio Press
|
| 942 |
|
|
|2 ddc
|
| 952 |
|
|
|0 0
|1 0
|2 ddc
|4 0
|6 616_700000000000000_ΠΑΠ
|7 1
|9 305021
|a LISK
|b LISK
|c BSC
|d 2021-01-17
|e 24
|f 0
|g 0.00
|l 0
|o 616.7 ΠΑΠ
|p 92410035975
|r 2021-01-17 00:00:00
|t 1
|w 2021-01-17
|y BKN
|x 20080215 0 0
|x GrPaTEI
|
| 971 |
|
|
|a .b26719113
|b 16-04-20
|c 26-09-16
|
| 999 |
|
|
|c 176626
|d 176626
|